| 000 | 00864nam a2200265 i 4500 | ||
|---|---|---|---|
| 001 | 200463927 | ||
| 003 | TR-AnTOB | ||
| 005 | 20250207121212.0 | ||
| 007 | ta | ||
| 008 | 250207s1999 tu b 000 0 tur d | ||
| 040 |
_aTR-AnTOB _beng _erda _cTR-AnTOB |
||
| 041 | 0 | _atur | |
| 050 | 4 |
_aDR589 _b.S3537 1999 |
|
| 090 |
_aDR589 _b.S3537 1999 |
||
| 245 | 0 | 0 |
_aSakarya Meydan Muharebesi : _b(14 Ağustos-13 Eylül 1921) / _cT.C. Milli Savunma Bakanlığı. |
| 264 | 1 |
_aAnkara : _bHarita Genel Komutanlığı Basımevi, _c1999. |
|
| 300 |
_axxxii, 32 pages : _bmaps ; _c21 cm |
||
| 336 |
_atext _btxt _2rdacontent |
||
| 337 |
_aunmediated _bn _2rdamedia |
||
| 338 |
_avolume _bnc _2rdacarrier |
||
| 650 | 7 |
_aSakarya Meydan Muharebesi, 1921 _2etuturkob _98433 |
|
| 710 | 2 |
_aTurkey. _bMillı̂ Savunma Bakanlığı _9117930 |
|
| 942 |
_2lcc _cBK |
||
| 999 |
_c200463927 _d82139 |
||